Nachbarländer und Nachbarbundesländer Deutschlands - Statistiken

Allgemein
  • Dieses Quiz wurde 116 mal gespielt
  • Das Durchschnittsergebnis liegt bei 12 aus 16
Antwortstatistiken
Bildquiz Hint Antwort % Korrekt
BL=1 Bremen
95%
BL=4 L=1 Brandenburg
89%
BL=4 L=2 Bayern
82%
BL=3 L=2 Baden-Württemberg
77%
BL=3 L=1 Mecklenburg-Vorpommern
77%
BL=6 Hessen
75%
BL=9 L=1 Niedersachsen
75%
BL=5 Thüringen
75%
BL=3 L=1 Schleswig-Holstein
73%
BL=1 Berlin
71%
BL=4 L=2 Sachsen
69%
BL=3 L=2 Nordrhein-Westfalen
66%
BL=2 Hamburg
64%
BL=4 Sachsen-Anhalt
61%
BL=4 L=3 Rheinland-Pfalz
60%
BL=1 L=2 Saarland
54%
Keine übereinstimmenden Quizze gefunden
Verteilung der Resultate
Anzahl Personen mit jedem Resultat
Perzentil nach korrekt beantworteten Fragen
Ihre Resultats-Entwicklung
Sie haben dieses Quiz noch nicht gespielt